[Event "3rd Edmonton International"]
[Site "Edmonton"]
[Date "2008.08.04"]
[Round "9"]
[White "Gardner, Robert"]
[Black "Vicary, Elizabeth"]
[Result "0-1"]
[WhiteElo "2185"]
[BlackElo "2145"]
[PlyCount "132"]
[EventDate "2008.07.31"]
[EventType "swiss"]
[EventRounds "9"]
[EventCountry "CAN"]
[TimeControl "300"]

1. d4 Nf6 2. c4 e6 3. Nc3 Bb4 4. f3 d5 5. a3 Bxc3+ 6. bxc3 O-O 7. cxd5 exd5 8.
e3 Bf5 9. Bd3 Qd7 10. Ne2 Re8 11. O-O Bxd3 12. Qxd3 Qc6 13. Ng3 Nbd7 14. Ra2
Nb6 15. Re2 Qc4 16. Qd2 g6 17. e4 c5 18. e5 Nfd7 19. h4 cxd4 20. cxd4 Re6 21.
h5 Nf8 22. Re3 Rc8 23. Ne2 Qc2 24. Qe1 Rec6 25. hxg6 Qxg6 26. f4 Kh8 27. f5 Qg4
28. Rg3 Qe4 29. Qd2 Qh4 30. Rh3 Qe4 31. Nc3 Qg4 32. Rf4 Qg5 33. Qe1 Na4 34.
Rfh4 Qxf5 35. Bd2 Nxc3 36. Bxc3 Rg6 37. Bb4 Qg5 38. Qf2 Rg7 39. Rh5 Qc1+ 40.
Kh2 Rc2 41. Qf3 Qf4+ 42. Rg3 Qxf3 43. Rxf3 Rcxg2+ 44. Kh3 Ne6 45. Be7 Kg8 46.
Rh4 Rg1 47. Kh2 R7g2+ 48. Kh3 Ng5+ 49. Bxg5 Rxg5 50. Kh2 R1g4 51. Kh3 Rg1 52.
Kh2 R5g4 53. Kh3 Rxh4+ 54. Kxh4 Rd1 55. Rf4 Rd3 56. a4 Ra3 57. Kg5 Rxa4 58. e6
fxe6 59. Kf6 Ra6 60. Rg4+ Kf8 61. Rh4 h6 62. Ke5 b5 63. Rxh6 b4 64. Rh8+ Kg7
65. Rb8 Rb6 66. Ra8 a6 0-1

[Event "3rd Edmonton International"]
[Site "Edmonton"]
[Date "2008.08.04"]
[Round "9"]
[White "Hughey, Micah"]
[Black "Cheng, Bindi"]
[Result "1/2-1/2"]
[WhiteElo "2011"]
[BlackElo "2333"]
[PlyCount "86"]
[EventDate "2008.07.31"]
[EventType "swiss"]
[EventRounds "9"]
[EventCountry "CAN"]
[TimeControl "300"]

1. e4 e6 2. d4 c5 3. d5 d6 4. Nc3 Nf6 5. Nf3 a6 6. a4 exd5 7. exd5 g6 8. Bf4
Qe7+ 9. Qe2 Nh5 10. Bg5 f6 11. Bd2 Bg4 12. O-O-O Qxe2 13. Bxe2 Nd7 14. h3 Bxf3
15. Bxf3 Ng7 16. Rhe1+ Kf7 17. Be2 Be7 18. g4 h5 19. f4 hxg4 20. hxg4 Rh2 21.
Rh1 Rah8 22. Bf3 f5 23. g5 Bd8 24. b3 Ba5 25. Kb2 Bb4 26. Bc1 R2h3 27. Na2 Ba5
28. Bg2 Rh2 29. Bf3 R8h3 30. Rxh2 Rxh2 31. Rh1 Rf2 32. Rh3 Bd2 33. Bxd2 Rxd2
34. Nc1 Rf2 35. Nd3 Rf1 36. Be2 Rg1 37. a5 b5 38. axb6 Nxb6 39. Bf3 c4 40. Nb4
a5 41. Nc6 cxb3 42. cxb3 a4 43. Nd8+ Ke7 1/2-1/2

[Event "3rd Edmonton International"]
[Site "Edmonton"]
[Date "2008.08.04"]
[Round "9"]
[White "Hungaski, Robert"]
[Black "Pechenkin, Vladimir"]
[Result "1-0"]
[WhiteElo "2407"]
[BlackElo "2281"]
[PlyCount "103"]
[EventDate "2008.07.31"]
[EventType "swiss"]
[EventRounds "9"]
[EventCountry "CAN"]

1. Nf3 Nf6 2. c4 d6 3. Nc3 e5 4. d4 Nbd7 5. e4 Be7 6. Be2 O-O 7. O-O c6 8. Be3
a6 9. d5 cxd5 10. cxd5 Ng4 11. Bd2 Ngf6 12. b4 Ne8 13. Ne1 g6 14. Nc2 f5 15.
exf5 gxf5 16. f4 Ng7 17. Kh1 Bf6 18. a4 exf4 19. Ra3 Ne5 20. Bxf4 Bd7 21. b5 a5
22. Qd2 Rc8 23. Nd1 Rc5 24. Rg3 Kh8 25. Nde3 Qc7 26. Nd4 Ng6 27. Bh6 Be5 28.
Bxg7+ Kxg7 29. Nexf5+ Rxf5 30. Nxf5+ Bxf5 31. Rxf5 Rc1+ 32. Bf1 Bxg3 33. hxg3
Qc3 34. Qf2 Rc2 35. Rf7+ Kh6 36. Qf3 Qxf3 37. gxf3 Ne5 38. Rxb7 Nxf3 39. Rxh7+
Kg5 40. b6 Rb2 41. b7 Kg4 42. Be2 Kxg3 43. Rg7+ Kf2 44. Rg2+ Ke3 45. Bxf3 Rb1+
46. Rg1 Rxb7 47. Bg4 Rb4 48. Bd7 Rd4 49. Rg5 Kf2 50. Rh5 Kg3 51. Rh3+ Kf2 52.
Bc6 1-0

[Event "ECC Ottosen Open"]
[Site "Edmonton"]
[Date "2008.08.07"]
[Round "1"]
[White "Ottosen, David"]
[Black "Borger, Rock"]
[Result "0-1"]
[WhiteElo "2109"]
[BlackElo "1303"]
[PlyCount "54"]
[EventDate "2008.08.07"]
[EventType "swiss"]
[EventRounds "4"]
[EventCountry "CAN"]

1. e4 e5 2. Nf3 Nc6 3. d4 exd4 4. c3 d6 5. cxd4 Bg4 6. Bc4 Qe7 7. e5 dxe5 8.
O-O Nxd4 9. Re1 O-O-O 10. Qa4 Bxf3 11. Qxa7 Bc6 12. Nc3 Nc2 13. Qa8+ Kd7 14.
Rd1+ Nd4 15. Qa5 Ke8 16. b3 b6 17. Qa6 Ra8 18. Bxf7+ Qxf7 19. Qf1 Bc5 20. Be3
Nf3+ 21. Kh1 Nf6 22. Rac1 Ng4 23. Bxc5 bxc5 24. Nd5 Bxd5 25. Qb5+ c6 26. Qxc5
Ra5 27. Qb6 Rb5 0-1

[Event "ECC Ottosen Open"]
[Site "Edmonton"]
[Date "2008.08.07"]
[Round "1"]
[White "Yamach, Ahmet"]
[Black "Motuz, Vitaly"]
[Result "0-1"]
[WhiteElo "1940"]
[BlackElo "1797"]
[PlyCount "58"]
[EventDate "2008.08.07"]
[EventType "swiss"]
[EventRounds "4"]
[EventCountry "CAN"]

1. c4 Nf6 2. d4 e6 3. Nc3 Bb4 4. Bd2 c5 5. dxc5 Bxc5 6. g3 O-O 7. e3 Nc6 8. a3
a5 9. Nf3 d5 10. cxd5 exd5 11. Bg2 d4 12. Nxd4 Nxd4 13. exd4 Re8+ 14. Kf1 Bg4
15. Qc2 Qxd4 16. Be3 Qc4+ 17. Kg1 Rxe3 18. Bf1 Qe6 19. h3 Rxg3+ 20. Kh2 Rf3 21.
Nd1 Bd6+ 22. Kg1 Bxh3 23. Bxh3 Rxh3 24. Rxh3 Qxh3 25. Rc1 Bh2+ 26. Kh1 Bf4+ 27.
Kg1 Qh2+ 28. Kf1 Bxc1 29. Qxc1 Re8 0-1

[Event "ECC Back to School Open"]
[Site "Edmonton"]
[Date "2008.09.25"]
[Round "4"]
[White "Thomas, Derek"]
[Black "Wihnon, Jason"]
[Result "1/2-1/2"]
[WhiteElo "1462"]
[BlackElo "1737"]
[PlyCount "72"]
[EventDate "2008.09.04"]
[EventType "swiss"]
[EventRounds "4"]
[EventCountry "CAN"]

1. d4 Nf6 2. c4 g6 3. Nc3 d5 4. Nf3 Bg7 5. Bf4 O-O 6. e3 c5 7. Be2 dxc4 8. Bxc4
cxd4 9. Nxd4 Qa5 10. Nb3 Qb4 11. Be2 Nc6 12. O-O Bf5 13. Bc7 Rac8 14. a3 Qh4
15. Bg3 Qh6 16. f4 Rfd8 17. Qe1 Bd3 18. Bh4 Bxe2 19. Nxe2 Ne4 20. Rb1 Qh5 21.
Rf3 Qb5 22. Nbd4 Nxd4 23. Nxd4 Bxd4 24. exd4 Rxd4 25. Re3 f5 26. Bxe7 Rc2 27.
Bb4 Qc6 28. Bc3 Nf6 29. Re2 Rxe2 30. Qxe2 Re4 31. Qd2 Qc5+ 32. Kh1 Ne8 33. Qd7
Qf2 34. Qd5+ Kf8 35. Bb4+ Kg7 36. Qd7+ Kg8 1/2-1/2

[Event "ECC Halloween Open"]
[Site "Edmonton"]
[Date "2008.10.02"]
[Round "1"]
[White "Sequillion, Aaron"]
[Black "Pua, Richard"]
[Result "0-1"]
[WhiteElo "1810"]
[BlackElo "1918"]
[PlyCount "82"]
[EventDate "2008.10.02"]
[EventType "swiss"]
[EventRounds "5"]
[EventCountry "CAN"]

1. g3 d5 2. Bg2 c5 3. Nf3 Nc6 4. O-O Nf6 5. d3 e5 6. Nbd2 Bd6 7. e4 dxe4 8.
dxe4 O-O 9. Re1 Bc7 10. c3 h6 11. Qc2 Be6 12. Nf1 Qe7 13. Ne3 Rfd8 14. Nf5 Qf8
15. N3h4 c4 16. h3 Nd7 17. Qe2 Nf6 18. g4 g5 19. Nf3 Bxf5 20. gxf5 Rd3 21. Nh2
Rad8 22. Ng4 Nxg4 23. Qxg4 Qd6 24. Bf1 Na5 25. Be3 Bb6 26. Bxd3 cxd3 27. Bxb6
axb6 28. b3 d2 29. Red1 Qd3 30. h4 Kf8 31. hxg5 hxg5 32. Qxg5 Nc6 33. f6 Qxc3
34. Qg7+ Ke8 35. Qg8+ Kd7 36. Qxf7+ Kc8 37. Qe6+ Kb8 38. f7 Nd4 39. Qe8 Ne2+
40. Kf1 Qh3+ 41. Kxe2 Qd3# 0-1

[Event "ECC Halloween Open"]
[Site "Edmonton"]
[Date "2008.10.09"]
[Round "2"]
[White "Zeggelaar, Mike"]
[Black "Laboucane, Randy"]
[Result "1/2-1/2"]
[WhiteElo "1738"]
[BlackElo "1890"]
[PlyCount "25"]
[EventDate "2008.10.02"]
[EventType "swiss"]
[EventRounds "5"]
[EventCountry "CAN"]

1. d4 e6 2. c4 b6 3. Nc3 Bb7 4. e3 Bb4 5. Nf3 f5 6. Bd2 Nf6 7. Be2 O-O 8. a3
Bxc3 9. Bxc3 Ne4 10. Qc2 d6 11. Rg1 Nd7 12. Bd3 Ndf6 13. Nd2 {[%emt 0:00:48]
and eventually, draw agreed on move} 1/2-1/2

[Event "2009 Edmonton Championship"]
[Site "Edmonton"]
[Date "2009.02.12"]
[Round "3.2"]
[White "Gardner, Robert"]
[Black "Pechenkin, Vladimir"]
[Result "0-1"]
[WhiteElo "2244"]
[BlackElo "2321"]
[PlyCount "76"]
[EventDate "2009.01.08"]
[EventType "k.o."]
[EventRounds "4"]
[EventCountry "CAN"]

1. d4 f5 2. g3 Nf6 3. Bg2 e6 4. c4 d5 5. Nh3 c6 6. O-O Bd6 7. Bf4 Be7 8. Qc2
O-O 9. Nd2 h6 10. f3 Na6 11. c5 b6 12. cxb6 Qxb6 13. Nb3 g5 14. Bd2 Nb4 15.
Bxb4 Bxb4 16. Nf2 Ba6 17. g4 Kg7 18. gxf5 exf5 19. h4 Rae8 20. hxg5 hxg5 21.
Nd3 Bxd3 22. Qxd3 Nh5 23. e3 Ng3 24. Rf2 Rf6 25. a3 Bd6 26. Rc2 Rfe6 27. Re1 f4
28. e4 g4 29. Nd2 dxe4 30. Nxe4 Nxe4 31. Rxe4 Rxe4 32. fxe4 f3 33. Bf1 Bf4 34.
b4 Re6 35. Rc5 Qd8 36. Rh5 Rh6 37. Rxh6 Kxh6 38. Qc4 Be3+ 0-1

[Event "2009 Edmonton Championship"]
[Site "Edmonton"]
[Date "2009.02.12"]
[Round "3.2"]
[White "Porper, Edward"]
[Black "Hughey, Micah"]
[Result "1/2-1/2"]
[WhiteElo "2460"]
[BlackElo "2202"]
[PlyCount "41"]
[EventDate "2009.01.08"]
[EventType "k.o."]
[EventRounds "4"]
[EventCountry "CAN"]

1. d4 d5 2. c4 e6 3. Nf3 c5 4. cxd5 exd5 5. Nc3 Nc6 6. g3 Nf6 7. Bg2 cxd4 8.
Nxd4 Bc5 9. Nb3 Bb6 10. Nxd5 Be6 11. e4 Bg4 12. Bf3 Bxf3 13. Qxf3 Nxd5 14. exd5
Ne5 15. Qe4 O-O 16. O-O Re8 17. Be3 Qf6 18. Kg2 Nd7 19. Qg4 Rad8 20. Bd4 Ne5
21. Bxe5 1/2-1/2

[Event "2009 Edmonton Reserves"]
[Site "Edmonton"]
[Date "2009.02.12"]
[Round "6"]
[White "Stark, Mark"]
[Black "Laboucane, Randy"]
[Result "0-1"]
[WhiteElo "1946"]
[BlackElo "1938"]
[PlyCount "66"]
[EventDate "2009.01.08"]
[EventType "swiss"]
[EventRounds "8"]
[EventCountry "CAN"]

1. d4 e6 2. Nf3 b6 3. Bf4 Bb7 4. e3 f5 5. h3 Nf6 6. Nbd2 Be7 7. Bd3 O-O 8. Qe2
Ne4 9. O-O-O a5 10. Rdg1 Na6 11. a3 c5 12. Ne1 Nc7 13. f3 Nxd2 14. Qxd2 cxd4
15. exd4 Nd5 16. Bh2 Rf7 17. Kb1 Qf8 18. c4 Nf6 19. Bc7 Bc6 20. g4 a4 21. gxf5
Bxa3 22. bxa3 Qxa3 23. Qb2 Qf8 24. Rh2 a3 25. Qc3 d6 26. Bxb6 Rb7 27. c5 Nd5
28. Qc1 dxc5 29. dxc5 Rxb6+ 30. cxb6 Qb4+ 31. Ka1 Qd4+ 32. Kb1 Qxb6+ 33. Kc2
Ba4+ 0-1

[Event "2009 Alberta Open"]
[Site "Edmonton"]
[Date "2009.10.10"]
[Round "1"]
[White "Li, Zhichao"]
[Black "White, Chris"]
[Result "1-0"]
[WhiteElo "2179"]
[BlackElo "1748"]
[PlyCount "73"]
[EventDate "2009.10.10"]
[EventType "swiss"]
[EventRounds "6"]
[EventCountry "CAN"]
[TimeControl "6600+30"]

1. d4 d5 2. c4 e6 3. Nc3 c6 4. e4 dxe4 5. Nxe4 Nf6 6. Nxf6+ Qxf6 7. Nf3 Bb4+ 8.
Bd2 Bxd2+ 9. Qxd2 Nd7 10. Bd3 b6 11. O-O O-O 12. Rfe1 Bb7 13. Re4 g6 14. Ne5
Nxe5 15. dxe5 Qg7 16. c5 Rfd8 17. Qe3 b5 18. Bc2 a5 19. Rd4 Rd5 20. Rad1 Rad8
21. Be4 Rxd4 22. Rxd4 Rxd4 23. Qxd4 Qf8 24. Qd6 Qc8 25. h4 Kg7 26. Kh2 f5 27.
Qe7+ Kg8 28. Bb1 Ba8 29. a3 Qf8 30. Qxe6+ Kg7 31. Ba2 Qxc5 32. Qf6+ Kh6 33. f4
Qf2 34. Qg5+ Kg7 35. h5 c5 36. h6+ Kf8 37. Qd8# 1-0

[Event "2009 Alberta Open"]
[Site "Edmonton"]
[Date "2009.10.10"]
[Round "2"]
[White "Todd, Adie"]
[Black "Pechenkin, Vladimir"]
[Result "0-1"]
[WhiteElo "1490"]
[BlackElo "2389"]
[PlyCount "66"]
[EventDate "2009.10.10"]
[EventType "swiss"]
[EventRounds "6"]
[EventCountry "CAN"]

1. d4 f5 2. Nf3 Nf6 3. c4 e6 4. Nc3 Bb4 5. Bg5 O-O 6. e3 b6 7. Be2 Bb7 8. O-O
h6 9. Bxf6 Qxf6 10. Rc1 a6 11. a3 Be7 12. Qc2 d6 13. Rfd1 g5 14. d5 e5 15. b4
g4 16. Nd2 h5 17. Rf1 Nd7 18. Qa4 Rad8 19. f3 Qh6 20. f4 Bf6 21. Nb3 exf4 22.
exf4 Qg7 23. Na2 h4 24. Nd2 h3 25. g3 Bd4+ 26. Kh1 b5 27. Qc2 Nb6 28. Nc3 Rde8
29. Bd3 Re3 30. Nb3 Bxc3 31. Qxc3 Qxc3 32. Rxc3 bxc4 33. Na5 Bxd5+ 0-1

[Event "2009 Alberta Open"]
[Site "Edmonton"]
[Date "2009.10.11"]
[Round "3"]
[White "Pechenkin, Vladimir"]
[Black "Usselman, Paul"]
[Result "1-0"]
[WhiteElo "2389"]
[BlackElo "1939"]
[PlyCount "65"]
[EventDate "2009.10.10"]
[EventType "swiss"]
[EventRounds "6"]
[EventCountry "CAN"]

1. f4 Nf6 2. Nf3 b6 3. d3 d5 4. e3 Bb7 5. Be2 e6 6. O-O Nbd7 7. Nc3 Bd6 8. Nb5
Be7 9. Ne5 a6 10. Nd4 c5 11. Ndf3 O-O 12. b3 Qc7 13. Bb2 Rad8 14. Qe1 Ne8 15.
Qg3 f6 16. Ng4 Kh8 17. h4 Bd6 18. h5 d4 19. Nh4 e5 20. Ng6+ Kg8 21. Nxf8 exf4
22. exf4 Kxf8 23. Rae1 f5 24. Ne5 Nxe5 25. fxe5 Bxe5 26. Rxf5+ Bf6 27. Qxc7
Nxc7 28. Bf3 Bc8 29. Rf4 Ne6 30. Rfe4 Ng5 31. R4e2 Kf7 32. Bc1 Ne6 33. Be4 1-0

[Event "2009 Alberta Open"]
[Site "Edmonton"]
[Date "2009.10.11"]
[Round "3"]
[White "Wu, Allan"]
[Black "Li, Zhichao"]
[Result "0-1"]
[WhiteElo "1876"]
[BlackElo "2179"]
[PlyCount "114"]
[EventDate "2009.10.10"]
[EventType "swiss"]
[EventRounds "6"]
[EventCountry "CAN"]
[TimeControl "6600+30"]

1. Nf3 d5 2. d4 c6 3. c4 Nf6 4. cxd5 cxd5 5. Nc3 Nc6 6. e3 e6 7. Bd2 Be7 8. Be2
O-O 9. O-O Bd7 10. Rc1 Qb8 11. a3 Rc8 12. b4 a6 13. Na4 b6 14. Qb3 Ne4 15. Rc2
Nxd2 16. Nxd2 Qb7 17. Rfc1 Na7 18. Bf3 Bc6 19. Nb2 Rc7 20. Nd3 Rac8 21. Ne5 Nb5
22. Be2 Be8 23. a4 Nd6 24. h3 Rxc2 25. Rxc2 f6 26. Nd3 Bg6 27. Bg4 Bf5 28. Bxf5
Nxf5 29. b5 a5 30. Nf4 Qd7 31. Qd3 Bd6 32. Ne2 Bb4 33. Nf3 Nd6 34. Qd1 Qe8 35.
Qc1 Rc4 36. Nd2 Bxd2 37. Qxd2 Qc8 38. Ra2 Ne4 39. Qb2 Nc3 40. Nxc3 Rxc3 41. Ra1
Qc4 42. Qd2 Rc2 43. Qd1 h6 44. Kh2 Qc3 45. Qf1 Qb2 46. Kg1 Rxf2 47. Qxf2 Qxa1+
48. Qf1 Qxf1+ 49. Kxf1 Kf7 50. Kf2 Kg6 51. Kf3 Kg5 52. g3 h5 53. e4 Kg6 54. Kf4
dxe4 55. Kxe4 Kf7 56. g4 hxg4 57. hxg4 Ke7 0-1

[Event "2009 Alberta Open"]
[Site "Edmonton"]
[Date "2009.10.11"]
[Round "4"]
[White "Pechenkin, Vladimir"]
[Black "MacKinnon, Keith"]
[Result "1-0"]
[WhiteElo "2389"]
[BlackElo "2254"]
[PlyCount "69"]
[EventDate "2009.10.10"]
[EventType "swiss"]
[EventRounds "6"]
[EventCountry "CAN"]

1. f4 Nf6 2. Nf3 g6 3. d3 Bg7 4. e4 d6 5. g3 O-O 6. Bg2 Nbd7 7. O-O c6 8. c3
Qc7 9. h3 e5 10. g4 exf4 11. Bxf4 Qb6+ 12. Rf2 d5 13. e5 Ne8 14. g5 Bh8 15. d4
Ng7 16. Qd2 Qd8 17. Na3 Nb6 18. Re1 Bf5 19. Nh2 Qd7 20. h4 Rfe8 21. Nf1 Nh5 22.
Ng3 Nxg3 23. Bxg3 Nc8 24. Kh2 Ne7 25. Nc2 Be6 26. Ne3 Bg7 27. Ref1 Rac8 28. h5
Rcd8 29. h6 Bf8 30. Qd1 Kh8 31. Rxf7 Bxf7 32. Rxf7 Qe6 33. Rf6 Qg8 34. Qf3 Nc8
35. Bh3 1-0

[Event "2009 Alberta Open"]
[Site "Edmonton"]
[Date "2009.10.12"]
[Round "5"]
[White "Nester, Ihor"]
[Black "Pechenkin, Vladimir"]
[Result "0-1"]
[WhiteElo "2375"]
[BlackElo "2354"]
[PlyCount "96"]
[EventDate "2009.10.10"]
[EventType "swiss"]
[EventRounds "6"]
[EventCountry "CAN"]

1. Nf3 f5 2. c4 Nf6 3. g3 d6 4. d4 e6 5. Bg2 Be7 6. Nc3 O-O 7. O-O Ne4 8. Nxe4
fxe4 9. Nd2 d5 10. f3 exf3 11. Nxf3 Nc6 12. Be3 b6 13. Rc1 Bb7 14. cxd5 exd5
15. Qc2 Bf6 16. Bf2 Qd6 17. a3 a5 18. Rfd1 Rae8 19. Rd3 Bd8 20. Be3 Ba6 21. Rc3
Na7 22. Bf4 Rxf4 23. gxf4 Rxe2 24. Qf5 g6 25. Qg4 Bc8 26. Qg3 Rxb2 27. Re3 Kg7
28. f5 Bd7 29. fxg6 hxg6 30. Ne5 Nb5 31. Rf1 Be8 32. Nd3 Qxg3 33. hxg3 Rxg2+
34. Kxg2 Nd6 35. Nf4 Bf7 36. Ne6+ Bxe6 37. Rxe6 Nf5 38. Re8 Bf6 39. Rc1 Bxd4
40. Rxc7+ Kh6 41. Rd7 Bc5 42. a4 d4 43. Kf3 Kg5 44. Rd5 Kf6 45. Rxc5 bxc5 46.
Rc8 d3 47. Rxc5 Nd4+ 48. Ke3 d2 0-1

[Event "2009 Alberta Open"]
[Site "Edmonton"]
[Date "2009.10.12"]
[Round "5"]
[White "Yearwood, Roy"]
[Black "Li, Zhichao"]
[Result "0-1"]
[WhiteElo "2081"]
[BlackElo "2178"]
[PlyCount "112"]
[EventDate "2009.10.10"]
[EventType "swiss"]
[EventRounds "6"]
[EventCountry "CAN"]
[TimeControl "6600+30"]

1. Nf3 Nf6 2. c4 c5 3. Nc3 d5 4. cxd5 Nxd5 5. Qb3 e6 6. g3 Qb6 7. Bg2 Qxb3 8.
axb3 Be7 9. Ne5 Nc7 10. d3 Nba6 11. Be3 f6 12. Nc4 Rb8 13. O-O Kf7 14. Rfc1 Rd8
15. Na5 Nb4 16. Ne4 b6 17. Nc4 a5 18. Bd2 Ncd5 19. f4 Bb7 20. Kh1 Ba8 21. g4
Nc6 22. Ra3 Nc7 23. Nc3 b5 24. Nxa5 b4 25. Nxc6 Bxc6 26. Bxc6 bxa3 27. bxa3
Rxb3 28. a4 c4 29. Be4 Bb4 30. f5 exf5 31. gxf5 Bxc3 32. Rxc3 Rxc3 33. Bxc3 Nd5
34. Ba5 c3 35. d4 Rd7 36. Bxd5+ Rxd5 37. Bxc3 Rxf5 38. Kg2 Ke6 39. a5 Kd5 40.
a6 Kc6 41. Bb4 Kb6 42. Bc5+ Kxa6 43. e4 Rg5+ 44. Kf3 Kb5 45. h4 Rxc5 46. dxc5
Kxc5 47. Kf4 Kd6 48. Kf5 Ke7 49. h5 Kf7 50. Kg4 Ke6 51. Kf4 g6 52. hxg6 hxg6
53. Ke3 Ke5 54. Kf3 g5 55. Ke3 g4 56. Kd3 Kf4 0-1

[Event "2009 Alberta Open"]
[Site "Edmonton"]
[Date "2009.10.12"]
[Round "6"]
[White "Gardner, Robert"]
[Black "Pechenkin, Vladimir"]
[Result "1/2-1/2"]
[WhiteElo "2259"]
[BlackElo "2389"]
[PlyCount "86"]
[EventDate "2009.10.10"]
[EventType "swiss"]
[EventRounds "6"]
[EventCountry "CAN"]

1. d3 d5 2. g3 c5 3. Bg2 Nc6 4. e4 Nf6 5. Nc3 dxe4 6. dxe4 Qxd1+ 7. Kxd1 Bg4+
8. f3 O-O-O+ 9. Bd2 Bd7 10. Kc1 h6 11. Nge2 g5 12. Be3 b6 13. Rd1 Bg7 14. f4
gxf4 15. gxf4 Na5 16. e5 Ne8 17. b4 Nc4 18. Bf2 cxb4 19. Nd5 Bf8 20. Nxb4 e6
21. c3 Ba4 22. Rxd8+ Kxd8 23. Bc6 Bxb4 24. Bxa4 Bc5 25. Nd4 Bxd4 26. Bxd4 Nc7
27. Bb3 Na5 28. Bd1 Rg8 29. Bf3 Nd5 30. f5 Nc4 31. fxe6 fxe6 32. Kc2 Rg5 33.
Re1 Ke7 34. Re4 a6 35. Kd3 b5 36. Ke2 Rf5 37. Bg4 Rf4 38. Rxf4 Nxf4+ 39. Kf3
Ng6 40. Ke4 Nd2+ 41. Kd3 Nc4 42. Ke4 Nd2+ 43. Kd3 Nc4 1/2-1/2

[Event "2009 Alberta Open"]
[Site "Edmonton"]
[Date "2009.10.12"]
[Round "6"]
[White "Li, Zhichao"]
[Black "MacKinnon, Keith"]
[Result "1/2-1/2"]
[WhiteElo "2179"]
[BlackElo "2254"]
[PlyCount "41"]
[EventDate "2009.10.10"]
[EventType "swiss"]
[EventRounds "6"]
[EventCountry "CAN"]
[TimeControl "6600+30"]

1. Nf3 Nf6 2. c4 e6 3. g3 b6 4. Bg2 Bb7 5. O-O Be7 6. Nc3 O-O 7. d4 Ne4 8. Nxe4
Bxe4 9. Nh4 Bxg2 10. Nxg2 d5 11. Qa4 Qd7 12. Qxd7 Nxd7 13. cxd5 exd5 14. Nf4
Nf6 15. Be3 c5 16. dxc5 bxc5 17. Rac1 Rab8 18. Bxc5 Bxc5 19. Rxc5 Rxb2 20. Ra5
h6 21. Ra1 1/2-1/2

[Event "2009 Southern Alberta Open"]
[Site "Calgary"]
[Date "2009.11.21"]
[Round "1.1"]
[White "Cletheroe, Kelvin"]
[Black "Haessel, Dale"]
[Result "0-1"]
[WhiteElo "1875"]
[BlackElo "2312"]
[PlyCount "52"]
[EventDate "2009.11.21"]
[EventType "swiss"]
[EventRounds "5"]
[EventCountry "CAN"]

1. e4 e5 2. Nc3 Nf6 3. f4 d5 4. fxe5 Nxe4 5. Nf3 Bg4 6. Be2 Nc6 7. d4 Bb4 8.
Qd3 O-O 9. O-O Bf5 10. Qe3 f6 11. Nxe4 Bxe4 12. c3 Be7 13. exf6 Rxf6 14. Bd3
Bxd3 15. Qxd3 Qd7 16. Bg5 Rxf3 17. Rxf3 Bxg5 18. Raf1 Re8 19. h3 Bf6 20. Qb5
Ne5 21. Qxd7 Nxd7 22. Kf2 Nb6 23. b3 Nc8 24. a4 Nd6 25. Rc1 Ne4+ 26. Kf1 Nd2+
0-1

[Event "2009 Southern Alberta Open"]
[Site "Calgary"]
[Date "2009.11.21"]
[Round "1.2"]
[White "Gardner, Robert"]
[Black "Wojtas, Artur"]
[Result "1-0"]
[WhiteElo "2308"]
[BlackElo "1870"]
[PlyCount "55"]
[EventDate "2009.11.21"]
[EventType "swiss"]
[EventRounds "5"]
[EventCountry "CAN"]

1. d4 Nf6 2. c4 e6 3. Nc3 Bb4 4. f3 d5 5. a3 Bxc3+ 6. bxc3 c5 7. cxd5 exd5 8.
e3 O-O 9. Bd3 Nc6 10. Ne2 Re8 11. O-O b6 12. Ng3 Bb7 13. Ra2 Ne7 14. Bb1 Ng6
15. Re1 Rc8 16. a4 cxd4 17. cxd4 h5 18. a5 Ba6 19. axb6 Qxb6 20. Ba3 Rc3 21.
Bc5 Qb7 22. Nf5 Re6 23. Qd2 Rb3 24. Bc2 Rb2 25. Nd6 Rxc2 26. Qxc2 Qc6 27. Qa4
Rxd6 28. Bxd6 1-0

[Event "2009 Southern Alberta Open"]
[Site "Calgary"]
[Date "2009.11.21"]
[Round "1.3"]
[White "Zeggelaar, Mike"]
[Black "Rekhson, Vladislav"]
[Result "0-1"]
[WhiteElo "1867"]
[BlackElo "2204"]
[PlyCount "39"]
[EventDate "2009.11.21"]
[EventType "swiss"]
[EventRounds "5"]
[EventCountry "CAN"]

1. e4 e5 2. Nf3 Nc6 3. Bc4 Be7 4. d4 exd4 5. O-O d6 6. c3 d3 7. Bf4 Nf6 8. Qxd3
O-O 9. Nbd2 Be6 10. Bxe6 fxe6 11. Nd4 Qd7 12. Bg3 Kh8 13. N2f3 Nh5 14. Qe2 Nxg3
15. fxg3 e5 16. Nf5 a6 17. Rad1 Qe6 18. b3 b5 19. Ne3 Na5 20. Nd5 0-1

[Event "2009 Southern Alberta Open"]
[Site "Calgary"]
[Date "2009.11.21"]
[Round "1.4"]
[White "Whissell, Mavros"]
[Black "Ong, Simon"]
[Result "1-0"]
[WhiteElo "2167"]
[BlackElo "1842"]
[PlyCount "71"]
[EventDate "2009.11.21"]
[EventType "swiss"]
[EventRounds "5"]
[EventCountry "CAN"]

1. e4 e5 2. Nf3 Nf6 3. Nxe5 d6 4. Nf3 Nxe4 5. d4 d5 6. Bd3 Nc6 7. O-O Be7 8. c4
Nb4 9. Be2 O-O 10. Nc3 Bf5 11. a3 Nxc3 12. bxc3 Nc6 13. Bf4 dxc4 14. Bxc4 Na5
15. Ba2 c5 16. Re1 c4 17. Qa4 Bd7 18. Qc2 g6 19. Ne5 Be6 20. Bh6 Re8 21. Rad1
Bd5 22. Ng4 Bc6 23. Ne3 Rc8 24. d5 Bd7 25. d6 Bh4 26. Qd2 Be6 27. d7 Bxd7 28.
Qxd7 Qf6 29. Ng4 Rxe1+ 30. Rxe1 Qc6 31. Qd4 f6 32. g3 Nb3 33. Bxb3 cxb3 34.
gxh4 Kf7 35. Nxf6 b2 36. Ne8 1-0

[Event "2009 Southern Alberta Open"]
[Site "Calgary"]
[Date "2009.11.21"]
[Round "2.1"]
[White "Haessel, Dale"]
[Black "Karmali, Hafiz"]
[Result "1-0"]
[WhiteElo "2312"]
[BlackElo "2054"]
[PlyCount "111"]
[EventDate "2009.11.21"]
[EventType "swiss"]
[EventRounds "5"]
[EventCountry "CAN"]

1. d4 d5 2. c4 e6 3. Nf3 c6 4. e3 Bd6 5. Nc3 f5 6. Ne5 Bxe5 7. dxe5 Ne7 8. f4
O-O 9. Be2 Nd7 10. O-O dxc4 11. Bxc4 Nb6 12. Bd3 Nbd5 13. Qe2 Nxc3 14. bxc3 Qa5
15. c4 Rd8 16. Rd1 Bd7 17. e4 Be8 18. exf5 Nxf5 19. Bb2 Qc5+ 20. Qf2 Qxf2+ 21.
Kxf2 Bh5 22. Be2 Bxe2 23. Kxe2 c5 24. g4 Ne7 25. Ke3 g6 26. Ke4 Nc6 27. f5
gxf5+ 28. gxf5 exf5+ 29. Kxf5 Na5 30. Rg1+ Kf8 31. Raf1 Re8 32. Ke4+ Ke7 33.
Rg7+ Kd8 34. Rff7 Nxc4 35. Rd7+ Kc8 36. Rc7+ Kb8 37. Rxb7+ Kc8 38. Rbc7+ Kb8
39. Bc3 a5 40. Rxc5 Nd6+ 41. Kd5 Nf5 42. Rxh7 a4 43. Rcc7 Ra6 44. Rb7+ Ka8 45.
Bb4 Ne3+ 46. Kd4 Nc2+ 47. Ke4 Rc6 48. Ra7+ Kb8 49. Bd2 Rc5 50. Bf4 Rc4+ 51. Kf3
Rf8 52. Rhb7+ Kc8 53. Ra8+ Kxb7 54. Rxf8 Nb4 55. e6 Rc8 56. e7 1-0

[Event "2009 Southern Alberta Open"]
[Site "Calgary"]
[Date "2009.11.21"]
[Round "2.2"]
[White "Daniluk, Jim"]
[Black "Gardner, Robert"]
[Result "0-1"]
[WhiteElo "2080"]
[BlackElo "2308"]
[PlyCount "86"]
[EventDate "2009.11.21"]
[EventType "swiss"]
[EventRounds "5"]
[EventCountry "CAN"]

1. d4 Nf6 2. c4 e6 3. Nf3 b6 4. a3 Bb7 5. g3 c5 6. Bg2 cxd4 7. O-O Be7 8. Nxd4
Bxg2 9. Kxg2 O-O 10. Nc3 Qc8 11. Qd3 Nc6 12. b3 Rd8 13. Bb2 d5 14. cxd5 Nxd5
15. Nxd5 Rxd5 16. Nxc6 Qxc6 17. Qf3 Qc2 18. Rab1 Rad8 19. Rfc1 Qg6 20. b4 Bg5
21. Re1 h5 22. Ra1 h4 23. e3 Qc2 24. e4 Rd3 25. Qg4 Qxb2 26. Qxg5 h3+ 27. Kxh3
Qxf2 28. Rf1 Qe2 29. Rae1 Qb2 30. Qf4 Rf8 31. Rf2 Qxa3 32. Qc7 Qxb4 33. Ref1
Qxe4 34. Qxa7 Rd5 35. Rf4 Rh5+ 36. Rh4 Rxh4+ 37. gxh4 Qd3+ 38. Kg2 Qg6+ 39. Kh3
Rd8 40. Rf3 Rd2 41. Qb8+ Kh7 42. Qg3 Qxg3+ 43. hxg3 Rd7 0-1